| 000 | 00670nam a2200217 a 4500 | ||
|---|---|---|---|
| 001 | BRCA_1301 | ||
| 005 | 20190320203351.0 | ||
| 008 | 230508s1990----uk-a---###---#000-0#eng-# | ||
| 020 | _a1852381124 | ||
| 050 | 4 |
_aNK5440.P3 _b.R67 _c1990 |
|
| 100 | 1 |
_aRossi, Sara _94259 |
|
| 245 | 1 | 0 |
_aPaper Weights _cSara Rossi. |
| 260 |
_aLondres _bCharles Letts _c1990 |
||
| 300 |
_a96 p. _bil. a color _c31 cm. |
||
| 440 | 0 |
_aThe Letts Guide to Collecting _94260 |
|
| 500 | _aIncluye glosario e índice onomástico | ||
| 650 | 1 | 4 |
_aPaperweights _xTécnica y materiales _94261 |
| 650 | 1 | 4 |
_aPaperweights _xHistoria _zEuropa _94262 |
| 650 | 1 | 4 |
_aVidrio _xDecoración _94263 |
| 942 |
_2lcc _cB |
||
| 999 |
_c1167 _d1167 |
||